00408nam a2200157 a 450000100060000000300090000600800410001502000150005604000280007108200150009910000330011424500300014726000400017730000110021765000220022818813CO-ViMGA141112s2004 ck r 000 u spa d a8497591011 aCO-ViMGAbspacCO-ViMGA04a869.3 E2131 aEca de Queiroz, Jose María10aEl Crimen del padre Amaro aBarcelona : bPlaza y Janes, c2002 a488 p.14aNOVELA PORTUGUESA